| 000 | 00385nam a22001457a 4500 | ||
|---|---|---|---|
| 003 | SGT | ||
| 082 |
_a617.6342 _bC23L |
||
| 100 | _aLalit Kumar | ||
| 245 | _aCrack tooth and its management | ||
| 260 |
_aGurugram, Haryana _bSGT University _c2023 |
||
| 300 | _a58 | ||
| 650 | _aConservative Dentistry & Endodontics | ||
| 653 | _aConservative Dentistry & Endodontics | ||
| 942 |
_2ddc _cTH |
||
| 999 |
_c25620 _d25620 |
||